|
|
|
|
| LEADER |
00000cam a2200000 7i4500 |
| 001 |
0000123855 |
| 005 |
20171006.0 |
| 008 |
171006t19801980 ag 0000 eng |
| 020 |
|
|
|a 0199181101
|
| 040 |
|
|
|a PERPUSTAM
|b eng
|c PERPUSTAM
|e rda
|
| 090 |
0 |
0 |
|a J 823 SER
|
| 100 |
1 |
|
|a Hunt,Roderick
|
| 245 |
1 |
0 |
|a Oxford Junior 5
|c Rederick Hunt
|
| 264 |
3 |
4 |
|a England :
|b Oxford University Press
|c 1990
|
| 300 |
|
|
|a 128pages :
|b illustration ;
|c 21cm.
|
| 336 |
|
|
|a text, rdacontent
|
| 337 |
|
|
|a unmediated
|2 rdamedia
|
| 338 |
|
|
|a volume
|2 rdacarrier
|
| 490 |
1 |
|
|a Pleasant Stories From Pertiwi
|
| 650 |
0 |
0 |
|a Reading
|
| 700 |
1 |
|
|a ilusstrated byHenry Barnett,Cote Mike,Klim Forster, Peter Kesteven
|
| 999 |
|
|
|a 0000449745
|b Buku
|c Koleksi Pinjaman Kanak-Kanak
|e Perpustakaan Cawangan Jasin
|